00912nam a2200241 450000100060000000300080000600500170001400800410003102000150007203500190008704000270010604100090013308200290014210000650017124500880023626001030032430000580042760000230048560000130050865000600052165000310058170000580061244216BD-RjUL20211209053822.0160714s1965 bg ||||| |||| 00| 0 ben d c: TK 1.00  a(BD-RjUL)44334 aBD-RjULbben cBD-RjUL aben  223 a923.173 bSOK 1965  aসোরেনসেন, থিওডোর. সি. 10aকেনেডী / c থিওডোর. সি. সোরেনসেন  aচট্রগ্রাম :bপিপলস পব্লিকেশন্স, c১৯৬৫  a[১৮], ৩০০ পৃ. ; c১৮ সেমি.  aকেনেডী cKennedy  aজীবনী zযুক্তরাষ্ট্র  aBiography zUnited States  aআখতার-উল-আলম, অনুবাদ